000
00292nam a22001337a 4500
008
171127b xxu||||| |||| 00| 0 eng d
020
_a
9780132871525
041
_a
eng
080
_a
32
100
_a
19
101
_a
POL
245
_a
GOVERNMENT BY THE PEOPLE
_c
BURNS,J,G
942
_2
udc
_c
BK
999
_c
38539
_d
38539